| 000 | 00675cac a2200229 a 4500 | ||
|---|---|---|---|
| 003 | CO-PeBPM | ||
| 005 | 20250728143059.0 | ||
| 008 | 231129e1972||||xx |||||||||||||| ||spa|| | ||
| 040 | 0 |
_aCO-PeBPM _bspa _cCO-PeBPM _erda |
|
| 041 | 0 | _aspa | |
| 082 | 0 | 4 | _a301.24 S262m |
| 100 |
_aSauvy, Alfred _eautor |
||
| 245 | 1 | 0 |
_aLos mitos de nuestro tiempo _c/ Alfred Sauvy |
| 250 | _aSegunda Edición | ||
| 260 |
_aBarcelona _bEditorial Labor S.A _c1972 |
||
| 300 |
_a300 Páginas _c; 19.5 Centímetros |
||
| 490 | _aNueva Colección Labor | ||
| 500 | _aIncluye Índice | ||
| 650 | 1 | 4 |
_aCivilización moderna -- Siglo XX _2LEMB |
| 700 | 1 |
_aJ.C Laporta _eTraductor |
|
| 942 |
_2ddc _cBK |
||
| 999 |
_c19846 _d19846 |
||